书目信息 |
| 题名: |
电工学
|
|
| 作者: | 秦曾煌 主编 | |
| 分册: | 下册 电子技术 | |
| 出版信息: | 北京 高等教育出版社 2004.07 |
|
| 页数: | 464页 | |
| 开本: | 23cm | |
| 丛书名: | 普通高等教育"十五"国家级规划教材 | |
| 单 册: | ||
| 中图分类: | TM1 | |
| 科图分类: | ||
| 主题词: | 电工--理论 | |
| 电子资源: | ||
| ISBN: | 978-7-04-014519-9 | |
| 000 | 00735nam0 2200241 450 | |
| 001 | 0951476205 | |
| 005 | 20121015090853.40 | |
| 010 | @a978-7-04-014519-9@dCNY34.10@z7-04-014519-9 | |
| 100 | @a20050618d2004 km y0chiy0120 ea | |
| 101 | 0 | @achi |
| 102 | @aCN@b110000 | |
| 200 | 1 | @a电工学@Adian gong xue@h下册@i电子技术@f秦曾煌主编@Fqin ceng huang zhu bian |
| 205 | @a第6版 | |
| 210 | @a北京@c高等教育出版社@d2004.07 | |
| 215 | @a464页@d23cm | |
| 225 | 2 | @a普通高等教育"十五"国家级规划教材 |
| 410 | 0 | @12001 @a普通高等教育"十五"国家级规划教材 |
| 517 | 1 | @a电子技术@Adian zi ji shu |
| 606 | 0 | @a电工@x理论 |
| 690 | @aTM1 | |
| 701 | 0 | @a秦曾煌@Aqin ceng huang@4主编 |
| 801 | 0 | @aCN@bPFT@c20110329 |
| 905 | @a10447@dTM1@eQ3901:2=6 | |
| 电工学.下册.电子技术/秦曾煌主编.-第6版.-北京:高等教育出版社,2004.07 |
| 464页;23cm.-(普通高等教育"十五"国家级规划教材) |
| ISBN 978-7-04-014519-9:CNY34.10 |
| ● |
| 相关链接 |
|
|
|
正题名:电工学
索取号:TM1/Q3901:2=6
 
预约/预借
| 序号 | 登录号 | 条形码 | 馆藏地/架位号 | 状态 | 备注 |
| 1 | 462835 | 204628359 | 自科二线404/404自科库 16排2列4层/ [索取号:TM1/Q3901:2=6] | 在馆 | |
| 2 | 462836 | 204628368 | 自科二线404/301自科库 4排3列2层/ [索取号:TM1/Q3901:2=6] | 在馆 | |
| 3 | 462837 | 204628377 | 自科二线404/404自科库 16排2列4层/ [索取号:TM1/Q3901:2=6] | 在馆 | |
| 4 | 462838 | 204628386 | 自科二线404/404自科库 17排3列5层/ [索取号:TM1/Q3901:2=6] | 在馆 | |
| 5 | 462839 | 204628395 | 自科二线404/404自科库 16排4列4层/ [索取号:TM1/Q3901:2=6] | 在馆 | |
| 6 | 462840 | 204628402 | 自科二线404/404自科库 17排5列6层/ [索取号:TM1/Q3901:2=6] | 在馆 | |
| 7 | 462841 | 204628411 | 自科二线404/404自科库 16排4列2层/ [索取号:TM1/Q3901:2=6] | 在馆 | |
| 8 | 462842 | 204628420 | 自科二线404/404自科库 17排5列6层/ [索取号:TM1/Q3901:2=6] | 在馆 | |
| 9 | 462843 | 204628439 | 自科二线404/404自科库 16排2列4层/ [索取号:TM1/Q3901:2=6] | 在馆 | |
| 10 | 462844 | 204628448 | 自科二线404/301自科库 4排3列2层/ [索取号:TM1/Q3901:2=6] | 在馆 | |
| 11 | 468965 | 204689658 | 自科二线404/404自科库 17排3列5层/ [索取号:TM1/Q3901:2=6] | 在馆 | |
| 12 | 470224 | 204702241 | 自科二线404/404自科库 16排4列4层/ [索取号:TM1/Q3901:2=6] | 在馆 | |
| 13 | 471042 | 204710429 | 自科二线404/404自科库 16排4列4层/ [索取号:TM1/Q3901:2=6] | 在馆 | |
| 14 | 471043 | 204710438 | 自科二线404/404自科库 16排4列4层/ [索取号:TM1/Q3901:2=6] | 在馆 | |
| 15 | 471044 | 204710447 | 自科二线404/404自科库 16排4列4层/ [索取号:TM1/Q3901:2=6] | 在馆 | |
| 16 | 474464 | 204744642 | 自科二线404/404自科库 17排3列5层/ [索取号:TM1/Q3901:2=6] | 在馆 | |
| 17 | 474465 | 204744651 | 自科二线404/404自科库 16排4列4层/ [索取号:TM1/Q3901:2=6] | 在馆 | |
| 18 | 474466 | 204744660 | 自科二线404/404自科库 16排4列5层/ [索取号:TM1/Q3901:2=6] | 在馆 | |
| 19 | 474467 | 204744679 | 自科二线404/404自科库 16排3列5层/ [索取号:TM1/Q3901:2=6] | 在馆 | |
| 20 | 474468 | 204744688 | 自科二线404/404自科库 16排3列5层/ [索取号:TM1/Q3901:2=6] | 在馆 | |
| 21 | 474469 | 204744697 | 自科二线404/404自科库 17排5列6层/ [索取号:TM1/Q3901:2=6] | 在馆 | |
| 22 | 474470 | 204744704 | 自科二线404/404自科库 16排3列5层/ [索取号:TM1/Q3901:2=6] | 在馆 | |
| 23 | 486671 | 204866715 | 自科库301/504自科库 17排2列2层/ [索取号:TM1/Q3901:2=6] | 在馆 | |
| 24 | 488331 | 204883313 | 自科二线504/504自科库 22排2列6层/ [索取号:TM1/Q3901:2=6] | 在馆 | |
| 25 | 488773 | 204887738 | 自科二线504/504自科库 17排2列3层/ [索取号:TM1/Q3901:2=6] | 在馆 | |
| 26 | 488774 | 204887747 | 自科二线504/504自科库 17排2列3层/ [索取号:TM1/Q3901:2=6] | 在馆 | |
| 27 | 490005 | 204900054 | 自科二线504/504自科库 17排2列2层/ [索取号:TM1/Q3901:2=6] | 在馆 |